El debate sobre las generaciones / (Registro nro. 14355)

Detalles MARC
000 -LIDER
fixed length control field 02223nam a2200361 a 4500
001 - NÚMERO DE CONTROL
Identificador de número de control 000007387
003 - IDENTIFICACDOR DE NÚMERO DE CONTROL
control field DO-SdBNP
005 - DATE AND TIME OF LATEST TRANSACTION
control field 20221202123557.0
008 - ELEMENTOS DE LONGITUD FIJA
fixed length control field 090908s1991 dr 000 e spa d
040 ## - FUENTE DE CATALOGACIÓN
Agencia que crea de manera original el registro DO-SdBNP
Idioma de catalogación spa
Agencia que realiza la transcripción BPMSU
082 ## - NÚMERO DE CLASIFICACIÓN DECIMAL DE DEWEY
Classification number 305.552
Item number D286s 1991
Edition number 22
245 03 - MENCIÓN DE TITULO
Título El debate sobre las generaciones /
Mención de responsabilidad Soledad Álvarez … [et al.].
260 ## - PUBLICACIÓN, DISTRIBUCIÓN, ETC. (PIE DE IMPRENTA)
Lugar de publicación, distribución, etc Santo Domingo :
Nombre del editor, distribuidor, etc. Fundación Cultural Dominicana,
Fecha de publicación, distribución, etc 1991.
300 ## - DESCRIPCIÓN FÍSICA
Extensión 172 p. ;
Dimensiones 20 cm.
500 ## - NOTA GENERAL
Nota general Incluye referencias bibliográficas y notas al pie de las páginas.
505 0# - NOTA DE CONTENIDO
Texto normalizado de contenido Crítica y reclamos de una generación 9 -- La decadencia de la dominicanidad hacia una filosofía del dominicano/Manuel Núñez 13 -- El Peña Batlle sobre el cual no se escribe/Bernardo Vega 27 -- ¿Dónde está la crisis de la dominicanidad?/Raymundo González 31 -- Sobre las generaciones perdidas/José Israel Cuello H 37 -- Haití y los intelectuales dominicanos/Andrés L. Mateo 45 -- El Peña Batlle sobre el cual no se escribe/Luis S. Peguero Moscoso 49 -- Bernardo que si; José que no/Consuelo Despradel 59 -- En busca de una generación/Faustino Collado 63 -- Peña Batlle y su marco histórico/Juan Daniel Balcácer 67 -- Comparando agendas generacionales/Bernardo Vega 81 -- Algo más sobre las generaciones o la terquedad como memoria del fuego/Chiqui Vicioso 89 -- Sobre pérdida de generaciones/José Israel Cuello H. 93
518 ## - DATE/TIME AND PLACE OF AN EVENT NOTE
Date/time and place of an event note Debate: sobre el tema "Las generaciones" realizado en la Universidad Tecnológica de Santo Domingo (INTEC), entre diciembre de 1987 y febrero de 1988
590 ## - NOTA LOCAL
Enlace Inventariado, 2022/VM
650 #4 - ENCABEZAMIENTO DE MATERIA--TEMÁTICO
Término temático o nombre geográfico como elemento de entrada Intelectuales
Subdivisión temática general Aspectos sociales
Subdivisión de forma Ensayos, conferencias, etc.
650 #4 - ENCABEZAMIENTO DE MATERIA--TEMÁTICO
Término temático o nombre geográfico como elemento de entrada Conflicto entre generaciones.
Subdivisión temática general Ensayos, conferencias, etc.
650 #4 - ENCABEZAMIENTO DE MATERIA--TEMÁTICO
Término temático o nombre geográfico como elemento de entrada Cambios sociales
650 #4 - ENCABEZAMIENTO DE MATERIA--TEMÁTICO
Término temático o nombre geográfico como elemento de entrada Relaciones intergeneracionales.
650 #4 - ENCABEZAMIENTO DE MATERIA--TEMÁTICO
Término temático o nombre geográfico como elemento de entrada Vida intelectual
Subdivisión de forma Ensayos, conferencias, etc.
700 1# - ASIENTO SECUNDARIO -- NOMBRE PERSONAL
Nombre personal Balcácer, Juan Daniel
700 1# - ASIENTO SECUNDARIO -- NOMBRE PERSONAL
Nombre personal Brea, Ramonina
700 1# - ASIENTO SECUNDARIO -- NOMBRE PERSONAL
Nombre personal Collado, Faustino
Fechas asociadas con el nombre 1954-
700 1# - ASIENTO SECUNDARIO -- NOMBRE PERSONAL
Nombre personal Céspedes, Diógenes,
Fechas asociadas con el nombre 1941-
700 1# - ASIENTO SECUNDARIO -- NOMBRE PERSONAL
Nombre personal Collado Taveras, Faustino,
Fechas asociadas con el nombre 1954-
700 z# - ASIENTO SECUNDARIO -- NOMBRE PERSONAL
Nombre personal Taveras, Faustino Collado,
Fechas asociadas con el nombre 1954-
700 z# - ASIENTO SECUNDARIO -- NOMBRE PERSONAL
Nombre personal Céspedes, D.
910 ## - VALIDACIÓN
Validación VMateo V./Validado
942 ## - ADDED ENTRY ELEMENTS (KOHA)
Source of classification or shelving scheme Dewey Decimal Classification
Koha item type Libros
Existencias
Withdrawn status Lost status Source of classification or shelving scheme Damaged status Not for loan Collection code Home library Current library Date acquired Source of acquisition Total Checkouts Full call number Barcode Date last seen Price effective from Koha item type
    Dewey Decimal Classification     Colección Dominicana Biblioteca Pública Metropolitana Salomé Ureña Biblioteca Pública Metropolitana Salomé Ureña 12/02/2022 Familia Reyes Duluc   BPMSU CD 305.552 D286s 1991 BPMSU22120002 12/02/2022 12/02/2022 Libros